[Event "13e open internationnal de Sautron"]
[Site "Sautron"]
[Date "2013.10.27"]
[Round "2.4"]
[White "Migot, Tangi"]
[Black "Le Roux, Jean-Pierre"]
[Result "1/2-1/2"]
[LiveChessVersion "1.4.2"]
[BlackElo "2571"]
[WhiteElo "2354"]

1. e4 {[%clk 1:30:57]} e5 {[%clk 1:26:56]} 2. Nf3 {[%clk 1:31:07]} Nc6
{[%clk 1:27:01]} 3. Bb5 {[%clk 1:31:12]} Nf6 {[%clk 1:25:54]} 4. O-O
{[%clk 1:29:22]} Nxe4 {[%clk 1:25:40]} 5. Re1 {[%clk 1:29:34]} Nd6
{[%clk 1:25:23]} 6. Nxe5 {[%clk 1:29:22]} Be7 {[%clk 1:25:35]} 7. Bf1
{[%clk 1:29:05]} Nxe5 {[%clk 1:23:49]} 8. Rxe5 {[%clk 1:29:28]} O-O
{[%clk 1:24:16]} 9. Nc3 {[%clk 1:29:05]} Bf6 {[%clk 1:22:20]} 10. Re1
{[%clk 1:27:12]} Re8 {[%clk 1:21:48]} 11. Nd5 {[%clk 1:17:28]} Rxe1
{[%clk 1:19:17]} 12. Qxe1 {[%clk 1:17:53]} b6 {[%clk 1:19:40]} 13. g3
{[%clk 1:07:40]} Bb7 {[%clk 1:19:57]} 14. Bg2 {[%clk 1:07:46]} Bxd5
{[%clk 1:19:31]} 15. Bxd5 {[%clk 1:08:08]} c6 {[%clk 1:19:51]} 16. Bg2
{[%clk 1:06:02]} Qf8 {[%clk 1:19:49]} 17. c3 {[%clk 0:59:04]} Re8
{[%clk 1:09:19]} 18. Qf1 {[%clk 0:56:49]} Qe7 {[%clk 0:56:55]} 19. d3
{[%clk 0:51:40]} Bg5 {[%clk 0:43:47]} 20. f4 {[%clk 0:46:20]} Bf6
{[%clk 0:44:09]} 21. Bd2 {[%clk 0:46:30]} Nb7 {[%clk 0:36:31]} 22. Re1
{[%clk 0:40:11]} Qd8 {[%clk 0:35:10]} 23. Bf3 {[%clk 0:35:06]} Rxe1
{[%clk 0:28:10]} 24. Bxe1 {[%clk 0:34:02]} d5 {[%clk 0:26:28]} 25. Qe2
{[%clk 0:29:40]} Nd6 {[%clk 0:21:18]} 26. Bf2 {[%clk 0:28:19]} g6
{[%clk 0:20:18]} 27. Qc2 {[%clk 0:19:14]} h5 {[%clk 0:11:25]} 28. Kg2
{[%clk 0:17:53]} Kg7 {[%clk 0:09:42]} 29. h3 {[%clk 0:17:09]} Nf5
{[%clk 0:07:04]} 30. Qe2 {[%clk 0:10:33]} Qd6 {[%clk 0:05:11]} 31. g4
{[%clk 0:06:43]} hxg4 {[%clk 0:03:54]} 32. hxg4 {[%clk 0:07:08]} Nh4+
{[%clk 0:03:54]} 33. Bxh4 {[%clk 0:06:59]} Bxh4 {[%clk 0:04:19]} 34. Qe5+
{[%clk 0:06:22]} Qxe5 {[%clk 0:04:07]} 35. fxe5 {[%clk 0:06:48]} Bg5
{[%clk 0:01:59]} 36. c4 {[%clk 0:06:04]} dxc4 {[%clk 0:01:59]} 37. dxc4
{[%clk 0:06:30]} Bc1 {[%clk 0:02:12]} 38. b3 {[%clk 0:06:28]} c5 {[%clk 0:02:10]}
39. Bd5 {[%clk 0:06:32]} Bb2 {[%clk 0:01:48]} 40. e6 {[%clk 0:36:55]} fxe6
{[%clk 0:32:10]} 41. Bxe6 {[%clk 0:37:21]} Kf6 {[%clk 0:32:20]} 42. Bd7
{[%clk 0:35:33]} Ke5 {[%clk 0:32:17]} 43. Kf3 {[%clk 0:35:47]} Bc1
{[%clk 0:32:16]} 44. Ke4+ 1/2-1/2

[Event "13e open internationnal de Sautron"]
[Site "Sautron"]
[Date "2013.10.27"]
[Round "2.5"]
[White "Koziak, Vitali"]
[Black "Bedouin, Xavier"]
[Result "1-0"]
[LiveChessVersion "1.4.2"]
[BlackElo "2345"]
[WhiteElo "2481"]

1. d4 {[%clk 1:30:55]} Nf6 {[%clk 1:30:40]} 2. c4 {[%clk 1:31:18]} g6
{[%clk 1:30:49]} 3. Nc3 {[%clk 1:30:56]} d5 {[%clk 1:31:09]} 4. cxd5
{[%clk 1:30:32]} Nxd5 {[%clk 1:31:30]} 5. Na4 {[%clk 1:30:09]} Bg7
{[%clk 1:30:25]} 6. e4 {[%clk 1:30:28]} Nb6 {[%clk 1:30:43]} 7. Be3
{[%clk 1:30:12]} O-O {[%clk 1:29:05]} 8. Nf3 {[%clk 1:30:02]} Bg4
{[%clk 1:24:47]} 9. Nc5 {[%clk 1:26:54]} Nc6 {[%clk 1:19:33]} 10. d5
{[%clk 1:16:52]} Ne5 {[%clk 1:08:48]} 11. Nxb7 {[%clk 1:04:38]} Qb8
{[%clk 1:04:53]} 12. Ba6 {[%clk 1:02:50]} Nbc4 {[%clk 0:49:47]} 13. O-O
{[%clk 0:49:24]} Qc8 {[%clk 0:28:47]} 14. Bf4 {[%clk 0:35:51]} Bxf3
{[%clk 0:17:10]} 15. gxf3 {[%clk 0:35:14]} Qh3 {[%clk 0:16:43]} 16. Bg3
{[%clk 0:34:15]} Nd2 {[%clk 0:08:43]} 17. Be2 {[%clk 0:30:57]} Nxf1
{[%clk 0:09:07]} 18. Bxf1 {[%clk 0:31:11]} Qc8 {[%clk 0:09:14]} 19. Ba6
{[%clk 0:27:41]} Rb8 {[%clk 0:08:42]} 20. Nc5 {[%clk 0:22:20]} Qe8
{[%clk 0:08:52]} 21. Rb1 {[%clk 0:22:12]} c6 {[%clk 0:06:44]} 22. b4
{[%clk 0:17:48]} cxd5 {[%clk 0:04:33]} 23. exd5 {[%clk 0:17:35]} Rb6
{[%clk 0:03:15]} 24. Qe2 {[%clk 0:17:12]} Qb8 {[%clk 0:02:38]} 25. Nd7
{[%clk 0:13:53]} Qd6 {[%clk 0:02:59]} 26. Nxe5 {[%clk 0:12:07]} Rxb4
{[%clk 0:01:29]} 27. Rxb4 {[%clk 0:11:37]} Qxb4 {[%clk 0:01:48]} 28. Nc6
{[%clk 0:11:47]} Qc5 {[%clk 0:01:20]} 29. Nxe7+ {[%clk 0:11:28]} Kh8
{[%clk 0:01:46]} 30. d6 {[%clk 0:08:25]} Rd8 {[%clk 0:02:05]} 31. Qc4
{[%clk 0:08:05]} 1-0

[Event "13e open internationnal de Sautron"]
[Site "Sautron"]
[Date "2013.10.27"]
[Round "2.7"]
[White "Bailet, Pierre"]
[Black "Crouan, Stephane"]
[Result "1-0"]
[LiveChessVersion "1.4.2"]
[BlackElo "2180"]
[WhiteElo "2474"]

1. d4 {[%clk 1:27:10]} Nf6 {[%clk 1:30:48]} 2. Nf3 {[%clk 1:27:29]} e6
{[%clk 1:30:45]} 3. c4 {[%clk 1:27:40]} c5 {[%clk 1:30:45]} 4. d5
{[%clk 1:27:33]} exd5 {[%clk 1:30:24]} 5. cxd5 {[%clk 1:27:52]} d6
{[%clk 1:30:48]} 6. e4 {[%clk 1:27:53]} g6 {[%clk 1:29:45]} 7. Bd3
{[%clk 1:27:25]} Bg7 {[%clk 1:29:14]} 8. O-O {[%clk 1:27:26]} O-O
{[%clk 1:29:37]} 9. h3 {[%clk 1:26:36]} b5 {[%clk 1:24:59]} 10. Re1
{[%clk 1:25:23]} c4 {[%clk 1:15:27]} 11. Bf1 {[%clk 1:21:41]} Bb7
{[%clk 1:12:40]} 12. a4 {[%clk 1:16:11]} a6 {[%clk 1:10:22]} 13. axb5
{[%clk 1:11:47]} axb5 {[%clk 1:10:46]} 14. Rxa8 {[%clk 1:12:08]} Bxa8
{[%clk 1:11:12]} 15. Nc3 {[%clk 1:12:05]} b4 {[%clk 0:57:18]} 16. Nb5
{[%clk 1:10:29]} Re8 {[%clk 0:45:50]} 17. Qa4 {[%clk 0:53:06]} Bb7
{[%clk 0:43:34]} 18. Bg5 {[%clk 0:49:36]} Qd7 {[%clk 0:37:25]} 19. Bxf6
{[%clk 0:45:25]} Bxf6 {[%clk 0:37:13]} 20. Qxb4 {[%clk 0:45:45]} 1-0

[Event "13e open internationnal de Sautron"]
[Site "Sautron"]
[Date "2013.10.27"]
[Round "2.8"]
[White "Le Goff, Ronan"]
[Black "Haub, Thorsten Michael"]
[Result "1/2-1/2"]
[LiveChessVersion "1.4.2"]
[BlackElo "2455"]
[WhiteElo "2179"]

1. d4 {[%clk 1:30:57]} g6 {[%clk 1:30:55]} 2. Nf3 {[%clk 1:31:01]} Bg7
{[%clk 1:31:20]} 3. Nc3 {[%clk 1:30:20]} d6 {[%clk 1:31:39]} 4. e4
{[%clk 1:30:05]} a6 {[%clk 1:31:58]} 5. Be3 {[%clk 1:27:36]} Nd7 {[%clk 1:32:07]}
6. Qd2 {[%clk 1:23:17]} h6 {[%clk 1:32:29]} 7. Bd3 {[%clk 1:20:11]} e6
{[%clk 1:32:35]} 8. O-O {[%clk 1:17:32]} Ne7 {[%clk 1:32:59]} 9. h3
{[%clk 1:15:18]} g5 {[%clk 1:28:40]} 10. Ne2 {[%clk 1:11:18]} f5 {[%clk 1:27:05]}
11. exf5 {[%clk 1:08:41]} exf5 {[%clk 1:26:53]} 12. Rae1 {[%clk 0:47:40]} Nf6
{[%clk 1:10:44]} 13. d5 {[%clk 0:39:24]} Ne4 {[%clk 0:51:55]} 14. Bxe4
{[%clk 0:36:05]} fxe4 {[%clk 0:52:10]} 15. Bd4 {[%clk 0:34:39]} exf3
{[%clk 0:32:52]} 16. Bxg7 {[%clk 0:34:15]} fxg2 {[%clk 0:32:26]} 17. Kxg2
{[%clk 0:31:28]} Rh7 {[%clk 0:32:13]} 18. Qc3 {[%clk 0:27:47]} Qd7
{[%clk 0:32:17]} 19. Nd4 {[%clk 0:25:19]} Qxh3+ {[%clk 0:20:02]} 20. Qxh3
{[%clk 0:25:16]} Bxh3+ {[%clk 0:20:26]} 21. Kxh3 {[%clk 0:25:41]} Rxg7
{[%clk 0:20:01]} 22. Ne6 {[%clk 0:25:21]} Rg8 {[%clk 0:20:27]} 23. Nxc7+
{[%clk 0:25:23]} Kd7 {[%clk 0:20:28]} 24. Nxa8 {[%clk 0:25:40]} Nxd5
{[%clk 0:20:48]} 25. f4 {[%clk 0:21:35]} Rxa8 {[%clk 0:15:21]} 26. fxg5
{[%clk 0:21:44]} hxg5 {[%clk 0:15:46]} 27. Rf5 {[%clk 0:21:28]} Nf4+
{[%clk 0:13:44]} 28. Kg4 {[%clk 0:21:14]} Rc8 {[%clk 0:13:34]} 29. Rf7+
{[%clk 0:17:23]} Kc6 {[%clk 0:13:59]} 30. Kxg5 {[%clk 0:16:31]} Nd5
{[%clk 0:14:18]} 31. Rg7 {[%clk 0:13:59]} Rf8 {[%clk 0:12:59]} 32. c4
{[%clk 0:13:02]} Nb4 {[%clk 0:10:34]} 33. Ree7 {[%clk 0:12:22]} Kc5
{[%clk 0:09:59]} 34. Rxb7 {[%clk 0:11:41]} Nd3 {[%clk 0:09:11]} 35. Rbc7+
{[%clk 0:10:03]} Kb4 {[%clk 0:08:20]} 36. b3 {[%clk 0:03:34]} Rf2
{[%clk 0:08:12]} 37. Rb7+ {[%clk 0:03:01]} Kc3 {[%clk 0:08:31]} 38. Rge7
{[%clk 0:02:36]} Rxa2 {[%clk 0:08:20]} 39. Rb6 {[%clk 0:02:18]} Ra5+
{[%clk 0:04:16]} 40. Kf6 {[%clk 0:31:53]} d5 {[%clk 0:33:53]} 41. cxd5
{[%clk 0:30:15]} Rxd5 {[%clk 0:34:16]} 42. Rc7+ {[%clk 0:29:33]} Kb2
{[%clk 0:33:37]} 43. Rxa6 {[%clk 0:29:33]} Kxb3 {[%clk 0:33:20]} 44. Rb6+
{[%clk 0:29:52]} Nb4 {[%clk 0:33:21]} 45. Rcb7 {[%clk 0:29:56]} Rd4
{[%clk 0:33:45]} 46. Rxb4+ {[%clk 0:30:15]} Rxb4 {[%clk 0:34:07]} 47. Rxb4+
{[%clk 0:30:41]} Kxb4 1/2-1/2

[Event "13e open internationnal de Sautron"]
[Site "Sautron"]
[Date "2013.10.27"]
[Round "2.10"]
[White "Roussel, Glenn"]
[Black "Riff, Jean-Noel"]
[Result "0-1"]
[WhiteElo "1944"]
[BlackElo "2445"]
[PlyCount "103"]
[EventDate "2013.??.??"]
[WhiteClock "0:26:18"]
[BlackClock "1:21:06"]

1. d4 e6 2. e4 d5 3. Nc3 Nf6 4. Bg5 Be7 5. e5 Nfd7 6. h4 c5 7. Bxe7 Qxe7 8. Nb5
O-O 9. Nc7 Nc6 10. Nxa8 cxd4 11. a3 Ndxe5 12. Ne2 Qc5 13. b4 Qd6 14. Nxd4 Nxd4
15. Qxd4 Nc6 16. Qb2 Bd7 17. b5 Ne5 18. Qb4 Nf3+ 19. gxf3 Qe5+ 20. Kd2 Qxa1 21.
Nc7 Rc8 22. b6 axb6 23. Bb5 Qxh1 24. Bxd7 Qh2 25. Bxc8 Qxc7 26. Qc3 Qf4+ 27.
Ke2 Qxh4 28. Bxb7 h5 29. Qb4 Qd8 30. Ba6 f5 31. c4 Kh7 32. cxd5 Qxd5 33. Qh4
Kh6 34. f4 Qa2+ 35. Kf1 Qxa3 36. Qg5+ Kh7 37. Qxh5+ Kg8 38. Qe8+ Kh7 39. Bc8
Qc1+ 40. Kg2 Qxf4 41. Qh5+ Qh6 42. Qxh6+ Kxh6 43. Bxe6 Kg5 44. Kg3 b5 45. Bb3
Kf6 46. Kh4 g5+ 47. Kh5 b4 48. Bc2 g4 49. Kh4 Kg6 50. Kg3 Kg5 51. f4+ gxf3 52.
Kxf3 0-1

[Event "13e open internationnal de Sautron"]
[Site "Sautron"]
[Date "2013.10.27"]
[Round "2.11"]
[White "Terrieux, Kevin"]
[Black "Peyre, Thomas"]
[Result "1/2-1/2"]
[WhiteElo "2415"]
[BlackElo "2136"]
[PlyCount "63"]
[EventDate "2013.??.??"]
[WhiteClock "0:08:33"]
[BlackClock "0:07:04"]

1. d4 Nf6 2. Nf3 e6 3. e3 c5 4. Bd3 b6 5. O-O Bb7 6. c4 Be7 7. Nc3 cxd4 8. exd4
d5 9. cxd5 Nxd5 10. Ne5 O-O 11. Qg4 Nxc3 12. bxc3 Nd7 13. Bh6 Bf6 14. Nxd7 Qxd7
15. Qh3 Rfd8 16. Bf4 g6 17. Rfe1 Rac8 18. Rac1 Bd5 19. Qg3 Bc4 20. Bb1 Qa4 21.
h4 Bxa2 22. Be4 Bd5 23. Bd3 Bc4 24. Be4 Bd5 25. Bb1 Qd7 26. h5 Qe7 27. Bd3 Bc4
28. Be4 Bd5 29. Bd3 Bc4 30. Be4 Bd5 31. Bd3 Bc4 32. Be4 1/2-1/2

[Event "13e open internationnal de Sautron"]
[Site "Sautron"]
[Date "2013.10.28"]
[Round "3.1"]
[White "Bailet, Pierre"]
[Black "Avrukh, Boris"]
[Result "0-1"]
[LiveChessVersion "1.4.2"]
[BlackElo "2576"]
[WhiteElo "2474"]

1. Nf3 {[%clk 1:30:53]} Nf6 {[%clk 1:30:18]} 2. d4 {[%clk 1:30:57]} g6
{[%clk 1:30:27]} 3. g3 {[%clk 1:31:02]} Bg7 {[%clk 1:30:41]} 4. Bg2
{[%clk 1:31:21]} O-O {[%clk 1:30:32]} 5. O-O {[%clk 1:31:33]} d6 {[%clk 1:30:21]}
6. c4 {[%clk 1:29:55]} Nc6 {[%clk 1:30:35]} 7. Nc3 {[%clk 1:29:58]} Rb8
{[%clk 1:29:53]} 8. d5 {[%clk 1:22:31]} Na5 {[%clk 1:26:14]} 9. Nd2
{[%clk 1:22:02]} c5 {[%clk 1:14:13]} 10. Qc2 {[%clk 1:21:09]} a6 {[%clk 1:13:29]}
11. b3 {[%clk 1:21:15]} b5 {[%clk 1:13:38]} 12. Bb2 {[%clk 1:15:38]} bxc4
{[%clk 1:13:53]} 13. bxc4 {[%clk 1:15:55]} Bh6 {[%clk 1:14:11]} 14. f4
{[%clk 1:14:53]} e5 {[%clk 1:14:10]} 15. dxe6 {[%clk 1:12:58]} Bxe6
{[%clk 1:14:36]} 16. Nd5 {[%clk 1:09:23]} Rxb2 {[%clk 1:13:21]} 17. Qxb2
{[%clk 1:09:45]} Bg7 {[%clk 1:13:50]} 18. Qc1 {[%clk 1:01:41]} Bxd5
{[%clk 1:13:57]} 19. Bxd5 {[%clk 0:43:24]} Nxd5 {[%clk 1:04:11]} 20. cxd5
{[%clk 0:43:28]} Qe7 {[%clk 0:57:27]} 21. Rb1 {[%clk 0:43:50]} Qxe2
{[%clk 0:45:57]} 22. Nf3 {[%clk 0:37:32]} Qxa2 {[%clk 0:40:34]} 23. Qd2
{[%clk 0:32:00]} Qa3 {[%clk 0:35:24]} 24. Qc1 {[%clk 0:23:59]} Qa4
{[%clk 0:35:07]} 25. Qd1 {[%clk 0:22:57]} Qd7 {[%clk 0:30:05]} 26. Qc2
{[%clk 0:19:07]} c4 {[%clk 0:28:34]} 27. Rb6 {[%clk 0:17:26]} c3 {[%clk 0:15:01]}
28. Qa2 {[%clk 0:14:14]} Qa7 {[%clk 0:03:14]} 29. Qf2 {[%clk 0:13:58]} c2
{[%clk 0:01:12]} 30. Rxd6 {[%clk 0:09:10]} Qxf2+ {[%clk 0:01:32]} 31. Kxf2
{[%clk 0:09:34]} Bb2 {[%clk 0:01:03]} 32. Rxa6 {[%clk 0:09:02]} Nb3
{[%clk 0:01:09]} 33. Rb6 {[%clk 0:06:27]} c1=Q {[%clk 0:01:33]} 34. Rxc1
{[%clk 0:06:53]} Nxc1 {[%clk 0:01:59]} 35. Ke3 {[%clk 0:07:02]} Ba3
{[%clk 0:01:01]} 36. Kd2 {[%clk 0:06:58]} Rd8 {[%clk 0:00:46]} 37. Rb5
{[%clk 0:07:05]} Na2 {[%clk 0:00:43]} 38. Kd3 {[%clk 0:05:02]} Bd6
{[%clk 0:00:50]} 39. Kd4 0-1

[Event "13e open internationnal de Sautron"]
[Site "Sautron"]
[Date "2013.10.28"]
[Round "3.2"]
[White "Malassagne, Raphael"]
[Black "Koziak, Vitali"]
[Result "0-1"]
[LiveChessVersion "1.4.2"]
[BlackElo "2481"]
[WhiteElo "2137"]

1. c4 {[%clk 1:30:58]} f5 {[%clk 1:30:04]} 2. g3 {[%clk 1:30:29]} Nf6
{[%clk 1:30:23]} 3. Bg2 {[%clk 1:30:55]} g6 {[%clk 1:29:47]} 4. Nc3
{[%clk 1:31:16]} Bg7 {[%clk 1:30:09]} 5. d3 {[%clk 1:31:40]} Nc6 {[%clk 1:28:18]}
6. e4 {[%clk 1:21:38]} d6 {[%clk 1:28:17]} 7. Nge2 {[%clk 1:21:33]} O-O
{[%clk 1:27:37]} 8. h3 {[%clk 1:20:03]} e5 {[%clk 1:26:57]} 9. O-O
{[%clk 1:20:03]} Be6 {[%clk 1:26:40]} 10. Nd5 {[%clk 1:20:21]} Qd7
{[%clk 1:25:36]} 11. Kh2 {[%clk 1:20:19]} Rf7 {[%clk 1:18:29]} 12. Bg5
{[%clk 1:09:36]} Raf8 {[%clk 1:14:04]} 13. Qd2 {[%clk 1:03:29]} f4
{[%clk 1:01:32]} 14. gxf4 {[%clk 0:58:32]} Nh5 {[%clk 1:01:39]} 15. f5
{[%clk 0:54:46]} gxf5 {[%clk 1:01:44]} 16. Ng3 {[%clk 0:50:30]} Nf4
{[%clk 0:57:44]} 17. Nxf4 {[%clk 0:39:49]} exf4 {[%clk 0:57:51]} 18. Nh5
{[%clk 0:40:18]} f3 {[%clk 0:52:01]} 19. Bh1 {[%clk 0:33:56]} Be5+
{[%clk 0:48:10]} 20. Bf4 {[%clk 0:33:27]} fxe4 {[%clk 0:47:49]} 21. Bxe5
{[%clk 0:32:54]} Nxe5 {[%clk 0:47:53]} 22. Rg1+ {[%clk 0:32:22]} Kh8
{[%clk 0:47:30]} 23. d4 {[%clk 0:31:09]} Nxc4 {[%clk 0:46:57]} 24. Qg5
{[%clk 0:29:48]} Qe7 {[%clk 0:37:25]} 25. Qh6 {[%clk 0:27:00]} Qh4
{[%clk 0:26:55]} 26. Qxe6 {[%clk 0:19:27]} Qxf2+ {[%clk 0:26:23]} 27. Bg2
{[%clk 0:19:02]} Ne3 {[%clk 0:25:47]} 28. Qxe4 {[%clk 0:17:25]} fxg2
{[%clk 0:25:45]} 0-1

[Event "13e open internationnal de Sautron"]
[Site "Sautron"]
[Date "2013.10.28"]
[Round "3.3"]
[White "Burmakin, Vladimir"]
[Black "Drasko, Milan"]
[Result "1-0"]
[LiveChessVersion "1.4.2"]
[BlackElo "2451"]
[WhiteElo "2581"]

1. d4 {[%clk 1:30:57]} e6 {[%clk 1:30:39]} 2. g3 {[%clk 1:31:23]} d5
{[%clk 1:24:17]} 3. Nf3 {[%clk 1:31:36]} b5 {[%clk 1:18:27]} 4. Qd3
{[%clk 1:31:23]} a6 {[%clk 1:17:28]} 5. e4 {[%clk 1:28:29]} dxe4 {[%clk 1:10:10]}
6. Qxe4 {[%clk 1:28:04]} Ra7 {[%clk 1:10:35]} 7. Bg2 {[%clk 1:27:55]} Nf6
{[%clk 1:10:11]} 8. Qe2 {[%clk 1:26:38]} c5 {[%clk 1:06:37]} 9. Be3
{[%clk 1:19:29]} cxd4 {[%clk 1:04:02]} 10. Bxd4 {[%clk 1:11:39]} Rd7
{[%clk 1:04:16]} 11. c3 {[%clk 1:12:01]} Nc6 {[%clk 1:02:12]} 12. O-O
{[%clk 1:01:24]} Be7 {[%clk 0:57:28]} 13. a4 {[%clk 1:01:28]} b4 {[%clk 0:44:02]}
14. Ne5 {[%clk 0:57:15]} Nxd4 {[%clk 0:42:48]} 15. cxd4 {[%clk 0:57:41]} Rc7
{[%clk 0:42:52]} 16. Bc6+ {[%clk 0:52:14]} Kf8 {[%clk 0:41:08]} 17. Nd2
{[%clk 0:51:01]} g6 {[%clk 0:33:39]} 18. Nb3 {[%clk 0:41:34]} Kg7
{[%clk 0:30:55]} 19. Rac1 {[%clk 0:41:40]} Bd6 {[%clk 0:22:37]} 20. Rc4
{[%clk 0:36:59]} Qe7 {[%clk 0:15:23]} 21. Rfc1 {[%clk 0:37:02]} h5
{[%clk 0:09:14]} 22. h4 {[%clk 0:31:48]} Nd5 {[%clk 0:07:54]} 23. Qf3
{[%clk 0:29:55]} Nb6 {[%clk 0:08:04]} 24. R4c2 {[%clk 0:30:15]} Bxe5
{[%clk 0:02:55]} 25. dxe5 {[%clk 0:30:31]} Rd8 {[%clk 0:03:16]} 26. a5
{[%clk 0:28:16]} Nd5 {[%clk 0:03:30]} 27. Bxd5 {[%clk 0:27:56]} Rxc2
{[%clk 0:03:55]} 28. Rxc2 {[%clk 0:28:17]} exd5 {[%clk 0:04:20]} 29. Qf4
{[%clk 0:28:19]} Bf5 {[%clk 0:04:27]} 30. Rc6 {[%clk 0:19:00]} Re8
{[%clk 0:04:08]} 31. Nd4 {[%clk 0:16:06]} Qxe5 {[%clk 0:04:27]} 32. Nxf5+
{[%clk 0:16:26]} Qxf5 {[%clk 0:04:35]} 33. Qxf5 {[%clk 0:16:48]} gxf5
{[%clk 0:05:00]} 34. Kf1 {[%clk 0:14:29]} Re6 {[%clk 0:01:31]} 35. Rb6
{[%clk 0:14:51]} f4 {[%clk 0:01:24]} 36. Rxb4 {[%clk 0:12:07]} f3
{[%clk 0:00:42]} 37. Rf4 {[%clk 0:10:39]} Re2 {[%clk 0:01:06]} 38. b3
{[%clk 0:10:58]} Ra2 {[%clk 0:01:07]} 39. Rxf3 {[%clk 0:11:18]} Rxa5
{[%clk 0:01:32]} 40. Ke2 {[%clk 0:41:31]} Ra2+ {[%clk 0:30:36]} 41. Kd3
{[%clk 0:41:42]} a5 {[%clk 0:12:22]} 42. Rf5 {[%clk 0:39:50]} Kg6
{[%clk 0:11:25]} 43. Rg5+ {[%clk 0:35:01]} Kh6 {[%clk 0:09:15]} 44. Rxd5
{[%clk 0:27:41]} a4 {[%clk 0:09:02]} 45. Rd6+ {[%clk 0:20:15]} Kg7
{[%clk 0:09:14]} 46. b4 {[%clk 0:20:02]} Rxf2 {[%clk 0:08:59]} 47. Ra6
{[%clk 0:20:04]} Rf3+ {[%clk 0:07:46]} 48. Kc4 {[%clk 0:20:26]} Rxg3
{[%clk 0:07:50]} 49. b5 {[%clk 0:20:49]} Rg4+ {[%clk 0:05:57]} 50. Kc5
{[%clk 0:21:07]} Rxh4 {[%clk 0:06:12]} 51. b6 {[%clk 0:21:11]} Rh1
{[%clk 0:06:07]} 52. b7 {[%clk 0:13:26]} Rc1+ {[%clk 0:05:07]} 53. Kd6
{[%clk 0:13:51]} Rb1 {[%clk 0:04:58]} 54. Kc7 {[%clk 0:14:11]} Rxb7+
{[%clk 0:01:09]} 55. Kxb7 {[%clk 0:14:32]} h4 {[%clk 0:00:49]} 56. Rxa4
{[%clk 0:10:33]} Kf6 {[%clk 0:00:40]} 57. Rxh4 {[%clk 0:10:49]} Ke5
{[%clk 0:00:52]} 58. Kc6 {[%clk 0:10:51]} f5 {[%clk 0:01:18]} 59. Kc5
{[%clk 0:10:34]} f4 {[%clk 0:01:38]} 60. Kc4 {[%clk 0:10:55]} 1-0

[Event "13e open internationnal de Sautron"]
[Site "Sautron"]
[Date "2013.10.28"]
[Round "3.4"]
[White "Peyre, Thomas"]
[Black "Roiz, Michael"]
[Result "0-1"]
[LiveChessVersion "1.4.2"]
[BlackElo "2614"]
[WhiteElo "2136"]

1. e4 {[%clk 1:30:55]} c5 {[%clk 1:30:56]} 2. Nf3 {[%clk 1:31:10]} d6
{[%clk 1:31:09]} 3. Bb5+ {[%clk 1:25:21]} Nd7 {[%clk 1:30:52]} 4. c3
{[%clk 1:21:52]} Ngf6 {[%clk 1:30:34]} 5. Qe2 {[%clk 1:19:53]} a6
{[%clk 1:30:05]} 6. Ba4 {[%clk 1:20:00]} b5 {[%clk 1:29:44]} 7. Bc2
{[%clk 1:20:08]} Bb7 {[%clk 1:30:09]} 8. d4 {[%clk 1:18:07]} cxd4
{[%clk 1:27:29]} 9. cxd4 {[%clk 1:17:53]} Rc8 {[%clk 1:27:03]} 10. O-O
{[%clk 1:10:32]} Qc7 {[%clk 1:25:27]} 11. Bd3 {[%clk 1:08:12]} e5
{[%clk 1:24:26]} 12. Nbd2 {[%clk 0:52:14]} exd4 {[%clk 1:19:23]} 13. Nxd4
{[%clk 0:50:54]} Ne5 {[%clk 1:17:12]} 14. Re1 {[%clk 0:44:29]} Be7
{[%clk 1:09:20]} 15. N2f3 {[%clk 0:44:35]} O-O {[%clk 1:02:08]} 16. Nf5
{[%clk 0:36:48]} Nxd3 {[%clk 0:51:12]} 17. Qxd3 {[%clk 0:37:13]} Rfe8
{[%clk 0:51:39]} 18. Bf4 {[%clk 0:31:05]} Qc2 {[%clk 0:48:06]} 19. Qxc2
{[%clk 0:21:47]} Rxc2 {[%clk 0:47:56]} 20. Bxd6 {[%clk 0:19:42]} Bd8
{[%clk 0:47:46]} 21. Be5 {[%clk 0:15:32]} Nxe4 {[%clk 0:23:06]} 22. Nd6
{[%clk 0:12:43]} Nxd6 {[%clk 0:22:41]} 23. Bxd6 {[%clk 0:13:12]} Rxe1+
{[%clk 0:21:11]} 24. Rxe1 {[%clk 0:13:10]} h6 {[%clk 0:18:12]} 25. Re8+
{[%clk 0:06:15]} Kh7 {[%clk 0:18:35]} 26. Ne1 {[%clk 0:06:44]} Rc1
{[%clk 0:18:25]} 27. Bb4 {[%clk 0:06:14]} Bb6 {[%clk 0:09:43]} 28. Rb8
{[%clk 0:04:21]} Bc5 {[%clk 0:08:37]} 29. Bc3 {[%clk 0:01:38]} Bd5
{[%clk 0:05:56]} 30. a3 {[%clk 0:01:49]} Bxa3 {[%clk 0:05:44]} 31. Rd8
{[%clk 0:01:04]} Bc4 {[%clk 0:03:08]} 32. Bd2 {[%clk 0:01:28]} Be7
{[%clk 0:03:36]} 33. Bxc1 {[%clk 0:00:34]} Bxd8 {[%clk 0:04:02]} 34. Be3
{[%clk 0:00:49]} a5 {[%clk 0:02:53]} 35. Bd4 {[%clk 0:00:36]} Kg6
{[%clk 0:02:47]} 36. Nc2 {[%clk 0:00:55]} Bf6 {[%clk 0:02:17]} 37. Bb6
{[%clk 0:01:22]} a4 {[%clk 0:01:52]} 38. Bd4 {[%clk 0:01:51]} Kf5
{[%clk 0:01:02]} 39. Bxf6 {[%clk 0:02:05]} Kxf6 {[%clk 0:01:29]} 40. f3
{[%clk 0:31:52]} Ke5 {[%clk 0:31:54]} 41. Kf2 {[%clk 0:31:04]} Bd3
{[%clk 0:29:34]} 42. Nb4 {[%clk 0:29:14]} Kd4 {[%clk 0:30:00]} 43. Nc6+
{[%clk 0:26:57]} Kd5 {[%clk 0:30:17]} 44. Na5 {[%clk 0:25:44]} b4
{[%clk 0:29:37]} 45. Ke3 {[%clk 0:26:05]} Ba6 {[%clk 0:30:03]} 46. Kd2
{[%clk 0:25:52]} Ke5 0-1

[Event "13e open internationnal de Sautron"]
[Site "Sautron"]
[Date "2013.10.28"]
[Round "3.5"]
[White "Le Roux, Jean-Pierre"]
[Black "Le Quang, Kim"]
[Result "1-0"]
[LiveChessVersion "1.4.2"]
[BlackElo "2246"]
[WhiteElo "2571"]

1. Nf3 {[%clk 1:30:46]} f5 {[%clk 1:29:14]} 2. d3 {[%clk 1:30:07]} d6
{[%clk 1:24:40]} 3. e4 {[%clk 1:30:21]} e5 {[%clk 1:23:52]} 4. Nc3
{[%clk 1:30:15]} Nf6 {[%clk 1:19:48]} 5. exf5 {[%clk 1:29:59]} Bxf5
{[%clk 1:20:08]} 6. d4 {[%clk 1:30:18]} Nbd7 {[%clk 1:18:27]} 7. Bc4
{[%clk 1:22:28]} c6 {[%clk 1:02:22]} 8. O-O {[%clk 1:15:35]} Qc7 {[%clk 0:56:40]}
9. dxe5 {[%clk 1:08:05]} Nxe5 {[%clk 0:54:21]} 10. Nxe5 {[%clk 1:07:35]} dxe5
{[%clk 0:54:41]} 11. Bg5 {[%clk 1:07:52]} Bg4 {[%clk 0:35:51]} 12. Qd3
{[%clk 1:04:20]} Bd7 {[%clk 0:24:19]} 13. Qe3 {[%clk 0:54:30]} b5
{[%clk 0:22:02]} 14. Be2 {[%clk 0:47:43]} O-O-O {[%clk 0:15:16]} 15. Ne4
{[%clk 0:44:05]} Be7 {[%clk 0:13:10]} 16. c4 {[%clk 0:42:52]} Qb6
{[%clk 0:06:59]} 17. c5 {[%clk 0:38:41]} Qa5 {[%clk 0:06:44]} 18. a3
{[%clk 0:36:14]} Nd5 {[%clk 0:02:56]} 19. Qg3 {[%clk 0:36:16]} Bxg5
{[%clk 0:02:45]} 20. Qxg5 {[%clk 0:35:07]} Kb8 {[%clk 0:01:05]} 21. Nd6
{[%clk 0:32:52]} Rhf8 {[%clk 0:00:34]} 22. Bf3 {[%clk 0:27:38]} Rxf3
{[%clk 0:00:00]} 23. gxf3 {[%clk 0:27:38]} 1-0